| 000 | 00450nam a22001697a 4500 | ||
|---|---|---|---|
| 003 | BDDh-ASL | ||
| 005 | 20231015031037.0 | ||
| 008 | 221021n ii ||||| |||| 00| 0 u d | ||
| 040 |
_aBDDh-ASL _cBDDh-ASL |
||
| 041 | _aurd | ||
| 082 |
_a297 _bHAD |
||
| 245 | 1 | 0 | _aHadiyatul Muqallidin : / ہدیۃ المقلدین |
| 260 |
_aKolkata : _bSaidi Press , |
||
| 300 |
_a487 p. : _c24 cm. |
||
| 650 | 0 |
_95142 _a Islamic Discourse |
|
| 942 |
_2ddc _cBK |
||
| 999 |
_c29579 _d29579 |
||